[Event "Pan American-ch U14"]
[Site "Guayaquil"]
[Date "2019.07.27"]
[Round "9"]
[White "Guaraca Pintado, Juan Pablo"]
[Black "Chauca Lopez, Sebastian Alberto"]
[Result "0-1"]
[WhiteElo "1549"]
[BlackElo "1804"]
[PlyCount "44"]
[EventDate "2019.07.21"]
[EventType "swiss"]
[EventRounds "9"]
[EventCountry "ECU"]
[SourceTitle "EXT 2020"]
[Source "ChessBase"]
[SourceDate "2019.10.17"]
[SourceVersion "1"]
[SourceVersionDate "2019.10.17"]
[SourceQuality "1"]

1. e4 c5 2. Nf3 d6 3. Bc4 Nf6 4. e5 dxe5 5. Nxe5 e6 6. Qe2 Bd6 7. f4 0-0 8. b3 Nd5 9. 0-0 Qc7 10. Bb2 Nd7 11. g3 N7f6 12. Nc3 a6 13. a4 b6 14. Ng4 Nxg4 15. Qxg4 Nf6 16. Qg5 h6 17. Qh4 Bb7 18. Be2 c4 19. bxc4 Bc5+ 20. Rf2 Qc6 21. Nd5 Bxf2+ 22. Kxf2 exd5 0-1

[Event "Pan American-ch U14"]
[Site "Guayaquil"]
[Date "2019.07.24"]
[Round "6"]
[White "Chauca Lopez, Sebastian Alberto"]
[Black "McKennis, Darren"]
[Result "1-0"]
[WhiteElo "1804"]
[BlackElo "1774"]
[PlyCount "54"]
[EventDate "2019.07.21"]
[EventType "swiss"]
[EventRounds "9"]
[EventCountry "ECU"]
[SourceTitle "EXT 2020"]
[Source "ChessBase"]
[SourceDate "2019.10.17"]
[SourceVersion "1"]
[SourceVersionDate "2019.10.17"]
[SourceQuality "1"]

1. e4 c6 2. c4 d5 3. exd5 cxd5 4. d4 Nf6 5. Nc3 Nc6 6. Nf3 Bg4 7. cxd5 Nxd5 8. Be2 e6 9. 0-0 Nb6 10. Be3 Be7 11. h3 Bh5 12. Rc1 Bf6 13. Ne4 Be7 14. Ng3 Bg6 15. Bb5 0-0 16. Bxc6 bxc6 17. Ne5 Bf6 18. Nxc6 Qd5 19. Nb4 Qd7 20. Qd2 a5 21. Nc6 Qd5 22. b3 Rac8 23. Rc5 Rxc6 24. Rxd5 Nxd5 25. Rc1 Rxc1+ 26. Qxc1 h6 27. Qc6 Rb8 1-0

[Event "Pan American-ch U14"]
[Site "Guayaquil"]
[Date "2019.07.24"]
[Round "5"]
[White "Farhat, Francisco"]
[Black "Chauca Lopez, Sebastian Alberto"]
[Result "0-1"]
[WhiteElo "1674"]
[BlackElo "1804"]
[PlyCount "95"]
[EventDate "2019.07.21"]
[EventType "swiss"]
[EventRounds "9"]
[EventCountry "ECU"]
[SourceTitle "EXT 2020"]
[Source "ChessBase"]
[SourceDate "2019.10.17"]
[SourceVersion "1"]
[SourceVersionDate "2019.10.17"]
[SourceQuality "1"]

1. e4 c5 2. Nc3 d6 3. f4 g6 4. Nf3 Bg7 5. d3 Nc6 6. h3 e6 7. g3 Nge7 8. Bg2 0-0 9. 0-0 a6 10. a4 Rb8 11. Ne2 Qc7 12. c3 b6 13. g4 f5 14. Ng3 d5 15. e5 b5 16. axb5 axb5 17. Be3 fxg4 18. hxg4 d4 19. Bd2 Nd5 20. Ng5 Nce7 21. Qc1 dxc3 22. bxc3 c4 23. d4 b4 24. N5e4 bxc3 25. Nxc3 Nxc3 26. Bxc3 Bb7 27. Ne4 Bxe4 28. Bxe4 Rb3 29. Rb1 Nd5 30. Bxd5 exd5 31. Rxb3 cxb3 32. Bb4 Qxc1 33. Rxc1 b2 34. Rb1 Rxf4 35. Bc5 Rxg4+ 36. Kf2 Bf8 37. Rxb2 Bxc5 38. dxc5 Kf7 39. Rb7+ Ke6 40. Rxh7 Rc4 41. Rg7 Kxe5 42. Rxg6 Kd4 43. c6 Kd3 44. Rd6 d4 45. Rh6 Kd2 46. Rh1 Rxc6 47. Ra1 Rf6+ 48. Kg2 0-1

[Event "Pan American-ch U14"]
[Site "Guayaquil"]
[Date "2019.07.21"]
[Round "1"]
[White "Quiroz Alva, Franco Rodrigo"]
[Black "Chauca Lopez, Sebastian Alberto"]
[Result "1/2-1/2"]
[WhiteElo "1335"]
[BlackElo "1804"]
[PlyCount "75"]
[EventDate "2019.07.21"]
[EventType "swiss"]
[EventRounds "9"]
[EventCountry "ECU"]
[SourceTitle "EXT 2020"]
[Source "ChessBase"]
[SourceDate "2019.10.17"]
[SourceVersion "1"]
[SourceVersionDate "2019.10.17"]
[SourceQuality "1"]

1. d4 Nf6 2. Bg5 e6 3. Nd2 d5 4. e3 Be7 5. c3 Nbd7 6. Bd3 h6 7. Bh4 0-0 8. f4 c5 9. Ngf3 cxd4 10. exd4 Qb6 11. Rb1 Qa5 12. a3 Qc7 13. Ne5 b6 14. 0-0 Bb7 15. g4 Nxe5 16. fxe5 Nh7 17. Bg3 Ng5 18. Qe2 Qc6 19. Bb5 Qc8 20. Bd3 Qc6 21. Bb5 Qc7 22. Bd3 Qd8 23. h4 Ne4 24. Nxe4 dxe4 25. Bxe4 Bxe4 26. Qxe4 Bxh4 27. Kg2 Bg5 28. Rf2 Rc8 29. Rbf1 Rc7 30. Rh1 b5 31. Bf4 a5 32. Bxg5 Qxg5 33. Rh5 Qe7 34. Kh3 b4 35. axb4 axb4 36. g5 g6 37. gxh6 bxc3 38. bxc3 1/2-1/2

[Event "Pan American-ch U12"]
[Site "Santiago de Chile"]
[Date "2018.07.25"]
[Round "5"]
[White "Chauca Lopez, Sebastian Alberto"]
[Black "Ballesteros Cardenas, Leonardo"]
[Result "1-0"]
[WhiteElo "1495"]
[BlackElo "1705"]
[PlyCount "51"]
[EventDate "2018.07.22"]
[EventType "swiss"]
[EventRounds "9"]
[EventCountry "CHI"]
[SourceTitle "EXT 2022"]
[Source "ChessBase"]
[SourceDate "2021.10.06"]
[SourceVersion "1"]
[SourceVersionDate "2021.10.06"]
[SourceQuality "1"]

1. e4 c6 2. d4 d5 3. Nc3 dxe4 4. Nxe4 Nf6 5. Nxf6+ exf6 6. c3 Bd6 7. Bd3 0-0 8. Qc2 Re8+ 9. Ne2 h5 10. Be3 Be6 11. 0-0 Qc7 12. h3 Nd7 13. Rfe1 Nf8 14. Bf5 Rad8 15. b3 g6 16. Bd3 f5 17. Qd2 Bc8 18. Bg5 Rd7 19. Nf4 Ne6 20. Nxe6 Rxe6 21. Rxe6 fxe6 22. Bc4 Rh7 23. Re1 Kf7 24. Qe3 Qd7 25. Qf3 b5 26. Bxe6+ 1-0

[Event "Pan American-ch U12"]
[Site "San Jose"]
[Date "2017.07.01"]
[Round "1"]
[White "Chauca Lopez, Sebastian Alberto"]
[Black "Galaviz Medina, Sion Radamantys"]
[Result "0-1"]
[WhiteElo "1211"]
[BlackElo "1924"]
[PlyCount "70"]
[EventDate "2017.07.01"]
[EventType "swiss"]
[EventRounds "9"]
[EventCountry "CRI"]
[SourceTitle "EXT 2022"]
[Source "ChessBase"]
[SourceDate "2021.10.06"]
[SourceVersion "1"]
[SourceVersionDate "2021.10.06"]
[SourceQuality "1"]

1. d4 d5 2. c4 e6 3. Nc3 Nf6 4. Bg5 Be7 5. e3 0-0 6. Bd3 Nbd7 7. Qc2 h6 8. Bh4 a6 9. cxd5 exd5 10. Nge2 c5 11. 0-0 b5 12. dxc5 Nxc5 13. a3 Be6 14. Rfd1 Rc8 15. f3 Nfd7 16. Bf2 Qc7 17. Bf5 Nb6 18. Nf4 Qe5 19. Bxe6 Nxe6 20. Nxe6 fxe6 21. e4 Bc5 22. Bxc5 Rxc5 23. Qf2 Rfc8 24. exd5 Nxd5 25. Re1 Qf5 26. Qe2 Nxc3 27. bxc3 R8c6 28. Rac1 Rxc3 29. Rxc3 Rxc3 30. Qxe6+ Qxe6 31. Rxe6 Rxa3 32. Rb6 Ra4 33. Kf2 b4 34. Ke2 a5 35. h4 Ra3 0-1